Statistics for Country Flag by Whort

Click here to take the quiz!

General Stats

  • This quiz has been taken 7 times
  • The average score is 6 of 20

Answer Stats

QuestionAnswer% Correct
Fiji
67%
Brazil
67%
Cyprus
67%
Gabon
33%
Hungary
33%
Mauritius
33%
Liberia
33%
Pakistan
33%
Latvia
33%
Bosnia and Herzegovina
17%
Norway
17%
Iraq
17%
New Zealand
17%
Guatemala
17%
Cuba
17%
Kiribati
17%
Vatican City
17%
Lesotho
17%
Iceland
17%
Switzerland
17%

Score Distribution

Percentile by Number Answered

Percent of People with Each Score

Your Score History

You have not taken this quiz